Hallucinations of differently abled living beings : (Record no. 14492)

MARC details
000 -LEADER
fixed length control field 00692nam a2200217 4500
001 - CONTROL NUMBER
control field GB1032
003 - CONTROL NUMBER IDENTIFIER
control field IN-BhIIT
005 - DATE AND TIME OF LATEST TRANSACTION
control field 20241111175732.0
008 - FIXED-LENGTH DATA ELEMENTS--GENERAL INFORMATION
fixed length control field 241111b |||||||| |||| 00| 0 eng d
020 ## - INTERNATIONAL STANDARD BOOK NUMBER
ISBN 9789354264658
040 ## - CATALOGING SOURCE
Original cataloging agency IN-BhIIT
041 ## - LANGUAGE CODE
Language code of text eng
082 ## - DEWEY DECIMAL CLASSIFICATION NUMBER
Classification number 100
Book number VA/H
100 ## - MAIN ENTRY--AUTHOR NAME
Personal name V.A. Santhosh.
Relator term Author
245 ## - TITLE STATEMENT
Title Hallucinations of differently abled living beings :
Sub Title redefining the human perspective towards life from a psychological paradigm /
Statement of responsibility, etc by Santhosh V.A.
260 ## - PUBLICATION, DISTRIBUTION, ETC. (IMPRINT)
Place of publication Kerala :
Name of publisher St. Joseph's Press,
Year of publication 2021.
300 ## - PHYSICAL DESCRIPTION
Number of Pages 323 p. :
Other physical details(ill.) ill. ;
Dimensions(size) 22 cm.
504 ## - BIBLIOGRAPHY, ETC. NOTE
Bibliography, etc Includes bibliographical references and index.
650 ## - SUBJECT ADDED ENTRY--TOPICAL TERM
Topical Term Philosophy
942 ## - ADDED ENTRY ELEMENTS (KOHA)
Koha item type Gratis Book
Holdings
Withdrawn status Lost status Damaged status Not for loan Home library Current library Date acquired Full call number Accession Number Price effective from Koha item type
Not withdrawn Not Lost not damaged   Central Library, IIT Bhubaneswar Central Library, IIT Bhubaneswar 01/10/2024 100 VA/H GB1032 11/11/2024 Gratis Book

Central Library, Indian Institute of Technology Bhubaneswar, 4th Floor, Administrative Building, Argul, Khordha, PIN-752050, Odisha, India
Phone: +91-674-7138750 | Email: circulation.library@iitbbs.ac.in (For circulation related queries),
Email: info.library@iitbbs.ac.in (For other queries)